{"text_format":"3","workbook":"xls","n_sheets":3,"sheets":["Sheet1","Sheet2","Sheet3"],"not_rendered":{"external_links":1},"read":"whole","date_system":"1900","formulas":"cached_only"}

{"sheet":"Sheet1","index":0,"n_rows":17,"n_cols":9,"rows_kept":17,"merged":[[0,0,0,9],[1,0,1,9],[2,0,2,2],[2,3,2,4],[2,5,2,6],[2,7,2,9],[3,0,3,2],[3,3,3,4],[3,5,3,6],[3,7,3,9],[4,0,4,2],[4,3,4,4],[4,5,4,6],[4,7,4,9],[5,0,5,2],[5,3,5,4],[5,5,5,6],[5,7,5,9],[6,0,6,2],[6,3,6,4],[6,5,6,6],[6,7,6,9],[7,0,7,2],[7,3,7,4],[7,5,7,6],[7,7,7,9],[8,8,8,9],[9,8,9,9],[10,0,10,3],[10,4,10,9],[11,1,11,3],[11,4,11,5],[11,6,11,9],[12,0,12,9],[13,0,13,9],[14,0,14,9]],"flags":["formulas_cached_only"]}
["徐州交通控股诚意桥梁工业化有限公司 "]
[" 钢筋尾料处置 询价单"]
["询价方（公司名称）：",null,null,"徐州交通控股诚意桥梁工业化有限公司",null,"报价方（公司名称）",null,"*"]
["联系人：",null,null,"曽巍",null,"授权议价人：",null,"*"]
["电　话：",null,null,13775941910,null,"电　　　话：",null,"*"]
["传　真：",{"$nulls":4},"传　　　真：",null,"*"]
["报价请报至公共E－mail：",null,null,"jclpccbcg@126.com",null,"E－　mail：",null,"*"]
["地　址：",null,null,"江苏省徐州市贾汪区江庄镇工业园诚意路",null,"地　　　址：",null,"*"]
["序号","物料编码","品名","规格及型号","单位","数量","单价（元）","总价（元）","备注"]
[1,null,"钢筋尾料","螺纹钢下脚料","吨",200,null,null,"具体结算数量已实际过磅数量为准，详见图片"]
["共计："]
["我司要求交货期","合同签订后根据采购订单3个工作日内",null,null,"我司要求付款方式",null,"预付全款"]
["**请在备注中注明重要的质量参数；以上报价应为含税（13%）含运费、处置费及保险在内的到厂（徐州贾汪江庄镇交控诚意桥梁公司）的处理价；如本询价单未指定品牌，请选用类似相应品牌并注明；请按该格式/顺序报价。"]
["注：1、*号为必回复项，报价单填好后 请加盖贵公司有效章并将报价扫描后发至我公司公共邮箱 ：jclpccbcg@126.com，发私人邮箱视为无效！                                                                                             2、请标注出报价的有效期及物资的加工周期。"]
["感谢贵公司的配合，期待与您的合作！"]
[{"$nulls":7},"报价单位:","盖章处*"]
[{"$nulls":7},"日期:","  *"]

{"sheet":"Sheet2","index":1,"n_rows":44,"n_cols":11,"rows_kept":44,"flags":["formulas_cached_only"]}
[]
[null,"序号","物料编码","物料名称","规格型号","单位","月用量（暂估）","年用量（暂估）","暂估单价（元）","暂估总价款（元）","备注"]
[null,1,"0405060051","PVC手套","9寸  S M L","副",{"v":85000,"d":"85,000"},{"v":1020000,"d":"1,020,000"},{"v":0.47,"d":"0.470"},{"v":479400,"d":"479,400"},"洁净度/千级"]
[null,2,"0405040035","棉手套","无","副",{"v":7000,"d":"7,000"},{"v":84000,"d":"84,000"},{"v":1.95,"d":"1.950"},{"v":163800,"d":"163,800"},"每副25g棉毛"]
[null,3,"0405030032","一次性口罩","无","个",{"v":14200,"d":"14,200"},{"v":170400,"d":"170,400"},{"v":0.14,"d":"0.140"},{"v":23856.000000000004,"d":"23,856"}]
[null,4,"0405030800","活性炭口罩","朝美2003型","个",{"v":9300,"d":"9,300"},{"v":111600,"d":"111,600"},{"v":0.18,"d":"0.180"},{"v":20088,"d":"20,088"}]
[null,5,"0405060050","乳胶手套","9寸 S M L","副",{"v":20000,"d":"20,000"},{"v":240000,"d":"240,000"},{"v":0.76,"d":"0.760"},{"v":182400,"d":"182,400"},"洁净度/千级"]
[null,6,"0405040079","丁晴手套","9寸 S M L","副",{"v":60000,"d":"60,000"},{"v":720000,"d":"720,000"},{"v":0.8,"d":"0.800"},{"v":576000,"d":"576,000"},"洁净度/千级"]
[null,7,"0416031950","无尘布","9”* 9” 150pcs/包","包",600,{"v":7200,"d":"7,200"},{"v":39,"d":"39.000"},{"v":280800,"d":"280,800"},"超细纤维"]
[null,8,"0405060059","无尘纸","220*220mm","片",{"v":66700,"d":"66,700"},{"v":800400,"d":"800,400"},{"v":0.1,"d":"0.100"},{"v":80040,"d":"80,040"}]
[null,9,"0416031883","胶带","3M610-1PK","卷",20,240,{"v":68,"d":"68.000"},{"v":16320,"d":"16,320"}]
[null,10,"0416030628","黄色胶带","48mm*20m","卷",120,{"v":1440,"d":"1,440"},{"v":4.38,"d":"4.380"},{"v":6307.2,"d":"6,307"}]
[null,11,"0416031670","红色胶带","48mm*20m","卷",50,600,{"v":4.38,"d":"4.380"},{"v":2628,"d":"2,628"}]
[null,12,"0416031687","绿色胶带","48mm*20m","卷",120,{"v":1440,"d":"1,440"},{"v":4.38,"d":"4.380"},{"v":6307.2,"d":"6,307"}]
[null,13,"0416031822","黄色胶带","20mm* 30m","卷",50,600,{"v":2.3,"d":"2.300"},{"v":1380,"d":"1,380"}]
[null,14,"0416031821","红色胶带","20mm*30mPVC","卷",50,600,{"v":2.3,"d":"2.300"},{"v":1380,"d":"1,380"}]
[null,15,"0416031105","绿色胶带","20mm*30m","卷",50,600,{"v":2.3,"d":"2.300"},{"v":1380,"d":"1,380"}]
[null,16,"0416031576","斑马胶带","48mm*20m","卷",90,{"v":1080,"d":"1,080"},{"v":4.38,"d":"4.380"},{"v":4730.4,"d":"4,730"}]
[null,17,"0415040454","双面胶","2.0cm","卷",30,360,{"v":1.27,"d":"1.270"},{"v":457.2,"d":"457"}]
[null,18,"0415040499","透明胶带","4.8cm*90m","卷",{"v":1400,"d":"1,400"},{"v":16800,"d":"16,800"},{"v":4.38,"d":"4.380"},{"v":73584,"d":"73,584"}]
[null,19,"0416031723","高粘粘尘垫","650*1150mm 30页/本","本",100,{"v":1200,"d":"1,200"},{"v":23.38,"d":"23.380"},{"v":28056,"d":"28,056"}]
[null,20,"0416031330","美纹胶带","20mm*18m","卷",350,{"v":4200,"d":"4,200"},{"v":1.26,"d":"1.260"},{"v":5292,"d":"5,292"}]
[null,21,"0405060067","一次性鞋套","无","双",300,{"v":3600,"d":"3,600"},{"v":0.15,"d":"0.150"},540]
[null,22,"0416031663","洗衣粉","无","KG",10,120,{"v":2.9,"d":"2.900"},348]
[null,23,"0416031161","平拖把","100cm","把",15,180,{"v":41,"d":"41.000"},{"v":7380,"d":"7,380"}]
[null,24,"0415050296","扫把","无","把",15,180,{"v":5.8,"d":"5.800"},{"v":1044,"d":"1,044"}]
[null,25,"0415050416","簸箕","塑料","个",15,180,{"v":5.8,"d":"5.800"},{"v":1044,"d":"1,044"}]
[null,26,"0416031878","垃圾袋","100*110cm，50个/包","包",70,840,{"v":27,"d":"27.000"},{"v":22680,"d":"22,680"},"黑色"]
[null,null,"0416032173","聚乙烯防化垃圾袋","BAG202-L","个",24,288,{"v":10.7,"d":"10.700"},{"v":3081.6,"d":"3,082"}]
[null,27,"0416031551","抹布","无","KG",50,600,{"v":11.7,"d":"11.700"},{"v":7020,"d":"7,020"}]
[null,28,"0418120240","软玻璃","厚2mm  宽1.8mPVC","米",60,720,{"v":66,"d":"66.000"},{"v":47520,"d":"47,520"}]
[null,29,"0418120232","软玻璃","厚1mm 宽900mm","米",60,720,{"v":24,"d":"24.000"},{"v":17280,"d":"17,280"}]
[null,30,"0415020918","标签打印纸","110mm*70mm 2000张/卷","卷",10,120,{"v":53.58,"d":"53.580"},{"v":6429.599999999999,"d":"6,430"}]
[null,31,"0415040663","标签打印纸","80*30mm(红色)，2000张/卷","卷",30,360,{"v":41,"d":"41.000"},{"v":14760,"d":"14,760"},"铜版纸"]
[null,32,"0415040671","标签打印纸","80*30mm(浅蓝)，2000张/卷","个",80,960,{"v":41,"d":"41.000"},{"v":39360,"d":"39,360"},"铜版纸"]
[null,33,"0415040669","标签打印纸","80*30mm(橙色)，2000张/卷","卷",100,{"v":1200,"d":"1,200"},{"v":41,"d":"41.000"},{"v":49200,"d":"49,200"},"铜版纸"]
[null,34,"0415040664","标签打印纸","80*30mm(绿色)，2000张/卷","卷",100,{"v":1200,"d":"1,200"},{"v":41,"d":"41.000"},{"v":49200,"d":"49,200"},"铜版纸"]
[null,35,"0415040665","标签打印纸","80*30mm(紫色)，2000张/卷","卷",100,{"v":1200,"d":"1,200"},{"v":41,"d":"41.000"},{"v":49200,"d":"49,200"},"铜版纸"]
[null,36,"0415040666","标签打印纸","80*30mm(黄色)，2000张/卷","卷",100,{"v":1200,"d":"1,200"},{"v":41,"d":"41.000"},{"v":49200,"d":"49,200"},"铜版纸"]
[null,37,"0415020725","标签打印纸","80*30mm  2000张/卷","卷",200,{"v":2400,"d":"2,400"},{"v":23.38,"d":"23.380"},{"v":56112,"d":"56,112"},"白色铜版纸"]
[null,38,"0415020465","条码打印碳带","110mm*300m ZM400混合基","卷",80,960,{"v":43.8,"d":"43.800"},{"v":42048,"d":"42,048"}]
[null,39,"0416032242","洁而亮特强去污液","500ml","瓶",100,{"v":1200,"d":"1,200"},{"v":11.7,"d":"11.700"},{"v":14040,"d":"14,040"}]
[null,40,"0405060000","洁净工作鞋","PU型","双",200,{"v":2400,"d":"2,400"},{"v":39,"d":"39.000"},{"v":93600,"d":"93,600"},"抗疲劳PU软底/高邦带拉链"]
[null,41,"0405060003","洁净服","分体","套",200,{"v":2400,"d":"2,400"},{"v":41,"d":"41.000"},{"v":98400,"d":"98,400"},"面料100D，/占领/带帽子"]

{"sheet":"Sheet3","index":2,"n_rows":0,"n_cols":0,"rows_kept":0,"flags":["formulas_cached_only"]}